[Event "Quebec-ch U20"]
[Site "Montreal"]
[Date "2014.02.08"]
[Round "2"]
[White "Chiku Ratte, Olivier Kenta"]
[Black "Leung, Chin"]
[Result "1-0"]
[WhiteElo "2242"]
[BlackElo "1874"]
[PlyCount "93"]
[EventDate "2014.02.07"]
[EventType "swiss"]
[EventRounds "5"]
[EventCountry "CAN"]
[SourceTitle "EXT 2022"]
[Source "ChessBase"]
[SourceDate "2021.10.06"]
[SourceVersion "1"]
[SourceVersionDate "2021.10.06"]
[SourceQuality "1"]

1. d4 Nf6 2. c4 g6 3. Nc3 d5 4. cxd5 Nxd5 5. Bd2 Bg7 6. e4 Nb6 7. Be3 c6 8. Nge2 0-0 9. g3 Bg4 10. Bg2 Nc4 11. Bc1 Bxe2 12. Nxe2 Qa5+ 13. Bd2 Qb5 14. Rb1 Nxd2 15. Qxd2 Rd8 16. 0-0 Na6 17. Rfd1 Rd7 18. Qe3 Rad8 19. a3 Qb6 20. e5 e6 21. b4 Nc7 22. a4 Nd5 23. Qb3 a5 24. bxa5 Qa6 25. Bxd5 Qxe2 26. Bc4 Qg4 27. Bf1 Rxd4 28. Rxd4 Qxd4 29. Qxb7 Bxe5 30. Qxc6 Bb8 31. Qb6 Ba7 32. Qxd4 Bxd4 33. a6 Ra8 34. Kg2 Kf8 35. f4 f6 36. Kf3 Ra7 37. Ke4 e5 38. Kd5 Ke8 39. Kc6 Kd8 40. Rb8+ Ke7 41. Rb7+ Kd8 42. Rxa7 Bxa7 43. Kb7 e4 44. Kxa7 Kc7 45. Be2 f5 46. h4 h5 47. a5 1-0

[Event "Montreal Mercredi 05"]
[Site "Montreal"]
[Date "2013.05.22"]
[Round "2"]
[White "Gauthier, Luc"]
[Black "Leung, Chin"]
[Result "0-1"]
[WhiteElo "1760"]
[BlackElo "1778"]
[PlyCount "74"]
[EventDate "2013.05.15"]
[EventType "swiss"]
[EventRounds "5"]
[EventCountry "CAN"]
[SourceTitle "EXT 2014"]
[Source "ChessBase"]
[SourceDate "2013.11.20"]
[SourceVersion "1"]
[SourceVersionDate "2013.11.20"]
[SourceQuality "1"]

1. e4 e6 2. d4 d5 3. e5 c5 4. c3 Nc6 5. Nf3 Nge7 6. Bd3 Ng6 7. 0-0 Be7 8. Re1 c4 9. Bc2 b5 10. b3 a5 11. bxc4 dxc4 12. Nbd2 Nf4 13. Nxc4 Nxg2 14. Nxa5 Nxe1 15. Nxc6 Qd5 16. Qxe1 Qxf3 17. Be4 Qg4+ 18. Kh1 Bb7 19. f3 Qh4 20. Qe2 0-0 21. Be3 Bxc6 22. Bxc6 Rac8 23. Bf2 Qh3 24. Qxb5 Rb8 25. Qe2 Rfc8 26. d5 exd5 27. Bxd5 Rxc3 28. Bd4 Rc7 29. Rg1 Kf8 30. Bxf7 Kxf7 31. e6+ Ke8 32. Qe4 Bd6 33. f4 Rbc8 34. Bxg7 Rxg7 35. Rxg7 Rc1+ 36. Rg1 Rxg1+ 37. Kxg1 Bc5+ 0-1

[Event "Montreal Mercredi 05"]
[Site "Montreal"]
[Date "2013.05.15"]
[Round "1"]
[White "Saha, Ananda"]
[Black "Leung, Chin"]
[Result "0-1"]
[WhiteElo "1778"]
[BlackElo "1778"]
[PlyCount "114"]
[EventDate "2013.05.15"]
[EventType "swiss"]
[EventRounds "5"]
[EventCountry "CAN"]
[SourceTitle "EXT 2014"]
[Source "ChessBase"]
[SourceDate "2013.11.20"]
[SourceVersion "1"]
[SourceVersionDate "2013.11.20"]
[SourceQuality "1"]

1. d4 Nf6 2. c4 e5 3. d5 Bc5 4. Nc3 0-0 5. Bg5 Bxf2+ 6. Kd2 Bb6 7. Kc2 d6 8. e4 Nbd7 9. Rc1 h6 10. Bh4 g5 11. Bg3 Nc5 12. Bd3 Ng4 13. Qd2 Nxd3 14. Qxd3 f5 15. Kb1 fxe4 16. Nxe4 Bf5 17. Ka1 Nf6 18. Nxf6+ Qxf6 19. Qb3 Be4 20. Nf3 Bxf3 21. gxf3 Qxf3 22. Qb5 Bd4 23. Qd7 Rf7 24. Qe6 Qf6 25. Qg4 Raf8 26. Qh5 Qg7 27. Qd1 a5 28. a4 Rf3 29. Ka2 Qg6 30. Be1 Qd3 31. Qxd3 Rxd3 32. Bxa5 Rf2 33. Rb1 b6 34. Be1 Rg2 35. Rf1 Bc5 36. Rc1 Ra3+ 37. Kb1 Rb3 38. Bc3 Rxh2 39. Rc2 Rh3 40. Ka2 Rhxc3 41. Rxc3 Rxc3 42. bxc3 g4 43. Rh1 Kh7 44. Rh4 g3 45. Rg4 Bf2 46. Kb3 h5 47. Rg5 Kh6 48. Rg8 h4 49. Rh8+ Kg5 50. Rg8+ Kf4 51. Rf8+ Ke4 52. Rh8 g2 53. Rh7 g1Q 54. c5 Qb1+ 55. Kc4 b5+ 56. axb5 Qa2+ 57. Kb4 Bxc5# 0-1

[Event "Quebec-ch U20"]
[Site "Montreal"]
[Date "2013.02.09"]
[Round "3"]
[White "Leung, Chin"]
[Black "Ouellet, Maili Jade"]
[Result "0-1"]
[WhiteElo "1712"]
[BlackElo "1552"]
[PlyCount "30"]
[EventDate "2013.02.08"]
[EventType "swiss"]
[EventRounds "5"]
[EventCountry "CAN"]
[SourceTitle "EXT 2022"]
[Source "ChessBase"]
[SourceDate "2021.10.06"]
[SourceVersion "1"]
[SourceVersionDate "2021.10.06"]
[SourceQuality "1"]

1. e4 c5 2. Nf3 e6 3. d4 cxd4 4. Nxd4 Nf6 5. Nc3 Bb4 6. Bg5 h6 7. Bxf6 Qxf6 8. Qd3 Nc6 9. Ndb5 0-0 10. a3 Ba5 11. b4 Bb6 12. Qd2 a6 13. Nd6 Bd4 14. e5 Qxe5+ 15. Nde4 Bxc3 0-1

[Event "Montreal Mercredi 11"]
[Site "Montreal"]
[Date "2012.12.05"]
[Round "4"]
[White "Leung, Chin"]
[Black "Baran, Marius"]
[Result "1-0"]
[WhiteElo "1718"]
[BlackElo "1712"]
[PlyCount "41"]
[EventDate "2012.11.14"]
[EventType "swiss"]
[EventRounds "5"]
[EventCountry "CAN"]
[SourceTitle "EXT 2022"]
[Source "ChessBase"]
[SourceDate "2021.10.06"]
[SourceVersion "1"]
[SourceVersionDate "2021.10.06"]
[SourceQuality "1"]

1. e4 c5 2. Nf3 d6 3. d4 cxd4 4. Nxd4 Nf6 5. Nc3 a6 6. Bg5 e6 7. f4 Be7 8. Qf3 0-0 9. g4 e5 10. Nf5 Bxf5 11. gxf5 Nc6 12. 0-0-0 Nd4 13. Qh3 Rc8 14. Rg1 Qb6 15. Bd3 Rxc3 16. bxc3 Nc6 17. Bh6 Ne8 18. Bxg7 Nxg7 19. Qh6 Qe3+ 20. Kb1 Qb6+ 21. Ka1 1-0

[Event "Quebec-ch U18"]
[Site "Montreal"]
[Date "2012.11.25"]
[Round "5"]
[White "Leung, Chin"]
[Black "Nikulich, Oleksandr"]
[Result "0-1"]
[WhiteElo "1718"]
[BlackElo "1846"]
[PlyCount "70"]
[EventDate "2012.11.23"]
[EventType "tourn"]
[EventRounds "4"]
[EventCountry "CAN"]
[SourceTitle "EXT 2022"]
[Source "ChessBase"]
[SourceDate "2021.10.06"]
[SourceVersion "1"]
[SourceVersionDate "2021.10.06"]
[SourceQuality "1"]

1. e4 e5 2. Nf3 Nc6 3. Bb5 a6 4. Ba4 Nf6 5. d3 b5 6. Bb3 Be7 7. Nbd2 0-0 8. Nf1 d5 9. exd5 Nxd5 10. Ne3 Be6 11. 0-0 Nf4 12. Bxe6 Nxe6 13. Nf5 Bf6 14. Nd2 Ncd4 15. Ng3 g6 16. Nde4 Bg7 17. c3 Nc6 18. Be3 Qd7 19. Qc2 Rfe8 20. Rad1 Qe7 21. b4 f5 22. Bc5 Qf7 23. Nd2 Nxc5 24. bxc5 Rad8 25. Nf3 Bf6 26. a4 Rd5 27. axb5 axb5 28. Qb2 Rxc5 29. d4 exd4 30. cxd4 Rd5 31. Qc1 Nxd4 32. Ng5 Bxg5 33. Qxg5 Ne2+ 34. Nxe2 Rxd1 35. Rxd1 Rxe2 0-1

[Event "Montreal Juste pour jouer"]
[Site "Montreal"]
[Date "2012.10.08"]
[Round "6"]
[White "Leung, Chin"]
[Black "Zhang, Hou Han"]
[Result "1-0"]
[WhiteElo "1767"]
[BlackElo "1355"]
[PlyCount "87"]
[EventDate "2012.10.05"]
[EventType "swiss"]
[EventRounds "7"]
[EventCountry "CAN"]
[SourceTitle "EXT 2022"]
[Source "ChessBase"]
[SourceDate "2021.10.06"]
[SourceVersion "1"]
[SourceVersionDate "2021.10.06"]
[SourceQuality "1"]

1. e4 c5 2. Nf3 d6 3. d4 cxd4 4. Nxd4 a6 5. Be2 Nf6 6. Nc3 g6 7. f4 Bg7 8. e5 dxe5 9. fxe5 Nd5 10. Nxd5 Qxd5 11. Nf3 Qxd1+ 12. Bxd1 Nc6 13. Bf4 0-0 14. 0-0 Bg4 15. Re1 Rfd8 16. h3 Bf5 17. c3 Rac8 18. Bb3 e6 19. Bg5 Rd7 20. g4 Bd3 21. Rad1 Na5 22. Bc2 Bb5 23. Nd4 Bc6 24. b4 Nc4 25. Nxc6 Rxd1 26. Ne7+ Kf8 27. Rxd1 Re8 28. Bb3 Nxe5 29. Be3 Kxe7 30. Bc5+ Kf6 31. Rf1+ Kg5 32. Be3+ Kh4 33. Kg2 Rc8 34. Bd2 Rd8 35. Be3 Rd3 36. Bf2+ Kg5 37. Bc2 Rd2 38. Kg3 Nxg4 39. hxg4 Be5+ 40. Kh3 Re2 41. Bd3 Rxa2 42. Be3+ Bf4 43. Rxf4 Kh6 44. Rxf7+ 1-0

[Event "Montreal Juste pour jouer"]
[Site "Montreal"]
[Date "2012.10.05"]
[Round "1.23"]
[White "Vera, Jesus"]
[Black "Leung, Chin"]
[Result "0-1"]
[WhiteElo "1332"]
[BlackElo "1767"]
[PlyCount "78"]
[EventDate "2012.10.05"]
[EventType "swiss"]
[EventRounds "7"]
[EventCountry "CAN"]
[SourceTitle "EXT 2022"]
[Source "ChessBase"]
[SourceDate "2021.10.06"]
[SourceVersion "1"]
[SourceVersionDate "2021.10.06"]
[SourceQuality "1"]

1. c4 Nf6 2. Nc3 g6 3. d4 Bg7 4. e4 d6 5. Bd3 0-0 6. f3 Nc6 7. Nge2 a6 8. a3 Rb8 9. Be3 e6 10. Qd2 d5 11. cxd5 exd5 12. e5 Nd7 13. Nxd5 Ndxe5 14. Ndc3 Nxd3+ 15. Qxd3 Bf5 16. Qd2 Na5 17. Bh6 Nb3 18. Qd1 Nxa1 19. Bxg7 Nc2+ 20. Kf2 Kxg7 21. g4 Qh4+ 22. Ng3 Ne3 23. Kxe3 Rbe8+ 24. Nce4 Bxe4 25. Nxe4 f5 26. gxf5 gxf5 27. d5 fxe4 28. Qd4+ Qf6 29. Rg1+ Kf7 30. fxe4 Qxd4+ 31. Kxd4 Re7 32. e5 Rfe8 33. e6+ Kf6 34. Rf1+ Kg7 35. Ke5 c6 36. Rg1+ Kh8 37. Re1 cxd5 38. Kxd5 Rd8+ 39. Ke5 Rxe6+ 0-1

[Event "Quebec-ch A U20 Pepsico"]
[Site "Montreal"]
[Date "2012.02.11"]
[Round "3"]
[White "Yu, Zong Yang"]
[Black "Leung, Chin"]
[Result "1-0"]
[WhiteElo "1911"]
[BlackElo "1489"]
[PlyCount "97"]
[EventDate "2012.02.10"]
[EventType "swiss"]
[EventRounds "5"]
[EventCountry "CAN"]
[SourceTitle "EXT 2022"]
[Source "ChessBase"]
[SourceDate "2021.10.06"]
[SourceVersion "1"]
[SourceVersionDate "2021.10.06"]
[SourceQuality "1"]

1. d4 Nf6 2. c4 c5 3. d5 b5 4. cxb5 a6 5. bxa6 Bxa6 6. Nc3 g6 7. g3 Bg7 8. Bg2 d6 9. Nf3 0-0 10. 0-0 Nbd7 11. Qc2 Qc7 12. Rd1 Rfb8 13. h3 Nb6 14. e4 Nfd7 15. a4 Nc4 16. Ra2 Rb4 17. Bf4 Rab8 18. Rb1 Rb3 19. Nb5 R3xb5 20. axb5 Bxb5 21. Bf1 Nce5 22. Nxe5 Nxe5 23. Bxe5 Bxe5 24. Bxb5 Rxb5 25. Kg2 Kg7 26. Ra4 Qb6 27. b3 h5 28. Qa2 Kf6 29. Ra6 Qb7 30. Ra7 Qb6 31. Qa6 Qxa6 32. Rxa6 c4 33. b4 g5 34. Rc6 c3 35. Rc4 g4 36. h4 e6 37. dxe6 fxe6 38. Kf1 d5 39. exd5 exd5 40. Rc6+ Kf5 41. Rh6 Ke4 42. Re1+ Kd3 43. Rxe5 Kc4 44. Rc6+ Kxb4 45. Rxh5 Ra5 46. Rg5 Ra1+ 47. Ke2 Ra2+ 48. Ke3 Rd2 49. Rxg4+ 1-0